000 00464nam a2200181Ia 4500
001 10678
005 20260306161850.0
008 260306t1969||||xx |||||||||||||| ||spa||
041 _aESP
082 _a946.06
_bS66
100 _aSolís, Ramón
_eAUT
245 0 _aEl Cádiz de las cortes:
_bla vida en la ciudad en los años 1810 a 1813
260 _c1969
300 _a499 páginas :
_c18 cm.
650 _aGEN
654 _aCHU
942 _cLIB
_dJUS
_fJUS
_2ddc
_n
999 _c10678
_d10678